00816nam a2200217 a 4500001001000000003000900010005001700019008004100036020001500077040002500092082002500117100003000142245006400172260006100236300002100297500007000318500004200388600004800430651005300478651006700531000015421DO-SdBNP20240409073638.0100208s2004 dr 000 e spa d a9993427055 aDO-SdBNPbspacBNPHU 4a972.93053bF438f2221 aFiallo, Fabio,d1866-194210aFinal de ensueño en Santo Domingo /cFabio Rafael Fiallo. aSanto Domingo :bFundación Cultural Dominicana,c2004. a375 p. ;c24 cm. aIncluye datos biográficos del autor en la solapa de la cubierta aIncluye notas al pie de las páginas14aFiallo, Fabio Rafael, xRelatos personales  4aRepública DominicanaxVida social y costumbres 4aSanto Domingo (República Dominicana)xDescripciones y viajes